<?xml version="1.0" encoding="UTF-8"?>
<record
    xmlns:xsi="http://www.w3.org/2001/XMLSchema-instance"
    xsi:schemaLocation="http://www.loc.gov/MARC21/slim http://www.loc.gov/standards/marcxml/schema/MARC21slim.xsd"
    xmlns="http://www.loc.gov/MARC21/slim">

  <leader>00555nam a2200169 i 4500</leader>
  <controlfield tag="001">79171</controlfield>
  <controlfield tag="003">ES-MaACL</controlfield>
  <controlfield tag="005">20240105062953.0</controlfield>
  <controlfield tag="007">t|</controlfield>
  <controlfield tag="008">041020s1955    sp           ||||1| spa d</controlfield>
  <datafield tag="100" ind1="2" ind2=" ">
    <subfield code="a">Hern&#xE1;ndez Girbal, F.,</subfield>
    <subfield code="d">1902-2002</subfield>
    <subfield code="9">62946</subfield>
  </datafield>
  <datafield tag="245" ind1="1" ind2="0">
    <subfield code="a">Juli&#xE1;n Gayarre </subfield>
    <subfield code="b">: el tenor de la voz de &#xE1;ngel / </subfield>
    <subfield code="c">F. Hern&#xE1;ndez Girbal.</subfield>
  </datafield>
  <datafield tag="260" ind1=" " ind2=" ">
    <subfield code="a">Barcelona : </subfield>
    <subfield code="b">Lira, </subfield>
    <subfield code="c">1955 (</subfield>
    <subfield code="e">Madrid : </subfield>
    <subfield code="f">Rolando)</subfield>
  </datafield>
  <datafield tag="300" ind1=" " ind2=" ">
    <subfield code="a">606 p., 28 l&#xE1;m. : </subfield>
    <subfield code="b">retr. biog. ; </subfield>
    <subfield code="c">22 cm.</subfield>
  </datafield>
  <datafield tag="852" ind1=" " ind2=" ">
    <subfield code="a">ES-MaACL</subfield>
    <subfield code="j">C-10252 </subfield>
    <subfield code="b">R.38928</subfield>
  </datafield>
  <datafield tag="999" ind1=" " ind2=" ">
    <subfield code="c">79171</subfield>
    <subfield code="d">79171</subfield>
  </datafield>
  <datafield tag="952" ind1=" " ind2=" ">
    <subfield code="0">0</subfield>
    <subfield code="1">0</subfield>
    <subfield code="4">0</subfield>
    <subfield code="7">0</subfield>
    <subfield code="a">ATENEOM</subfield>
    <subfield code="b">ATENEOM</subfield>
    <subfield code="c">SPAL</subfield>
    <subfield code="d">2008-01-17</subfield>
    <subfield code="e">SC</subfield>
    <subfield code="l">0</subfield>
    <subfield code="o">C-10252</subfield>
    <subfield code="p">1082797</subfield>
    <subfield code="r">2023-02-23 00:00:00</subfield>
    <subfield code="w">2023-02-23</subfield>
    <subfield code="y">MONOGRAFIA</subfield>
  </datafield>
</record>
